Marvel Movie Box Office Earnings - Statistics

General Stats
  • This quiz has been taken 88 times
    77 since last reset
  • The average score is 39 of 65
Answer Stats
Film Year Earnings % Correct
4 Avengers 2012 $1,518,812,988
98%
29 Iron Man 2 2010 $623,933,331
98%
7 Iron Man 3 2013 $1,214,811,252
98%
32 Iron Man 2008 $585,366,247
96%
1 Avengers Endgame 2019 $2,797,501,328
94%
45 Captain America The First Avenger 2011 $370,569,774
94%
2 Avengers Infinity War 2018 $2,048,359,754
91%
17 Spider-Man 2002 $821,708,551
89%
18 Spider-Man 2 2004 $788,618,317
89%
12 Spider-Man 3 2007 $894,983,373
89%
21 The Amazing Spider-Man 2012 $757,930,663
89%
25 The Amazing Spider-Man 2 2014 $708,982,323
89%
6 The Black Panther 2018 $1,346,913,161
87%
3 Spiderman No Way Home 2021 $1,901,232,550
85%
37 Thor 2011 $449,326,618
85%
5 Avengers Age Of Ultron 2015 $1,402,805,868
83%
9 Spiderman Far From Home 2019 $1,131,927,996
83%
8 Captain America Civil War 2016 $1,153,296,293
81%
10 Captain Marvel 2019 $1,128,274,794
81%
20 Guardians Of The Galaxy 2014 $772,776,600
80%
52 Hulk 2003 $245,285,165
80%
50 The Incredible Hulk 2008 $264,770,996
80%
16 Thor Ragnarok 2017 $853,977,126
80%
34 Ant-Man 2015 $519,311,965
78%
26 Doctor Strange 2016 $677,718,395
78%
49 X-Men 2000 $296,339,528
74%
27 Thor Love and Thunder 2022 $665,480,666*
70%
42 Black Widow 2021 $379,751,655
67%
14 Guardians Of The Galaxy Vol 2 2017 $863,756,051
67%
13 Spiderman Homecoming 2017 $870,325,439
67%
28 Thor The Dark World 2013 $644,783,140
67%
30 Ant-Man & The Wasp 2018 $622,674,139
65%
24 Captain America The Winter Soldier 2014 $714,421,503
63%
19 Deadpool 2016 $782,612,155
59%
23 Deadpool 2 2018 $734,546,611
59%
11 Doctor Strange in the Multiverse of Madness 2022 $954,379,698*
59%
15 Venom 2018 $856,085,151
54%
41 Eternals 2021 $402,064,899
52%
31 Logan 2017 $619,021,436
50%
22 X-Men Days of Future Past 2014 $746,045,700
50%
54 Daredevil 2003 $179,179,718
48%
55 Fantastic Four 2015 $167,882,881
48%
47 Fantastic Four 2005 $333,535,934
48%
39 The Wolverine 2013 $414,828,246
48%
44 X-Men Origins Wolverine 2009 $373,062,864
46%
33 X-Men Apocalypse 2016 $543,934,105
44%
36 X-Men The Last Stand 2006 $460,435,291
39%
35 Venom Let There Be Carnage 2021 $506,863,592
37%
46 X-Men First Class 2011 $352,616,690
37%
60 Blade 1998 $131,183,530
35%
57 Blade II 2002 $155,010,032
35%
38 Shang-Chi and the Legend of the Ten Rings 2021 $432,243,292
35%
48 Fantastic 4 Rise of the Silver Surfer 2007 $301,913,131
31%
56 Morbius 2022 $163,865,530
31%
61 Elektra 2005 $56,995,646
30%
53 Ghost Rider 2007 $228,738,393
30%
62 The Punisher 2004 $54,700,105
30%
43 Spider-Man Into the Spider-Verse 2018 $375,540,831
24%
40 X2 X-Men United 2003 $407,711,549
24%
64 Howard The Duck 1986 $16,295,774
20%
63 The New Mutants 2020 $49,169,594
20%
59 Blade Trinity 2004 $131,883,935
19%
58 Ghost Rider Spirit of Vengeance 2011 $132,600,000
17%
65 Punisher War Zone 2008 $10,100,000
15%
51 X-Men Dark Pheonix 2019 $252,442,974
7%
No matching quizzes found
Score Distribution
Percent of People with Each Score
Percentile by Number Answered
Your Score History
You have not taken this quiz since the last reset